Только час. Проза русских писательниц конца XIX - начала XX в.; Авдотьины дочки; Вопль; Пчелы жужжат; Первый бал; В ожидании приговора; Династия; Афинянка; Пышная жизнь; Дым, дым и дым
| Další autoři: | , , |
|---|---|
| Jazyk: | ruština |
| Vydáno: |
Москва, Современник, 1988
|
| TOC: | О. А. Шапир, Авдотьины дочки; М. В. Крестовская, Вопль; В. И. Дмитриева, Пчелы жужжат; Т. Л. Щепкина-Куперник, Первый бал; Е. М. Милицына, В ожидании приговора; В. Н. Цеховская, Династия; А. В. Тыркова, Афинянка; Л. А. Авилова, Пышная жизнь; А. И. Цветаева, Дым, дым и дым; |
| Témata: | |
| Médium: | MixedMaterials Kniha |
| KOHA link: | https://koha.lib.tpu.ru/cgi-bin/koha/opac-detail.pl?biblionumber=257427 |
MARC
| LEADER | 00000nam0a2200000 4500 | ||
|---|---|---|---|
| 001 | 257427 | ||
| 005 | 20231101233212.0 | ||
| 010 | |a 5270001306 | ||
| 020 | |a RU |b 88-37542 | ||
| 035 | |a (RuTPU)RU\TPU\book\280225 | ||
| 090 | |a 257427 | ||
| 100 | |a 20140416d1988 m y0rusy5003 ca | ||
| 101 | 0 | |a rus | |
| 102 | |a RU | ||
| 105 | |a a z 000zy | ||
| 200 | 1 | |a Только час. Проза русских писательниц конца XIX - начала XX в. |f сост. В. Ученова; худож. Л. Низова; худож. В. Низов | |
| 210 | |a Москва |c Современник |d 1988 | ||
| 215 | |a 590,[2] с. |c ил. |d 21 см | ||
| 464 | |t Авдотьины дочки |f О. А. Шапир | ||
| 464 | |t Вопль |f М. В. Крестовская | ||
| 464 | |t Пчелы жужжат |f В. И. Дмитриева | ||
| 464 | |t Первый бал |f Т. Л. Щепкина-Куперник | ||
| 464 | |t В ожидании приговора |f Е. М. Милицына | ||
| 464 | |t Династия |f В. Н. Цеховская | ||
| 464 | |t Афинянка |f А. В. Тыркова | ||
| 464 | |t Пышная жизнь |f Л. А. Авилова | ||
| 464 | |t Дым, дым и дым |f А. И. Цветаева | ||
| 606 | 1 | |a Русская литература, дореволюционная |2 stltpush |3 (RuTPU)RU\TPU\subj\26371 |9 50314 | |
| 610 | 1 | |a художественная литература | |
| 610 | 1 | |a женская проза | |
| 675 | |a Р1 |v 3 | ||
| 702 | 1 | |a Ученова |b В. |4 220 | |
| 702 | 1 | |a Низова |b Л. |4 440 | |
| 702 | 1 | |a Низов |b В. |4 440 | |
| 801 | 0 | |a RU |b RuMRKP |c 19950417 |g psbo | |
| 801 | 1 | |a RU |b 63413507 |c 20140416 | |
| 801 | 2 | |a RU |b 63413507 |c 20210930 |g RCR | |
| 942 | |c BK | ||